<?xml version="1.0" encoding="UTF-8"?>
<record
    xmlns:xsi="http://www.w3.org/2001/XMLSchema-instance"
    xsi:schemaLocation="http://www.loc.gov/MARC21/slim http://www.loc.gov/standards/marcxml/schema/MARC21slim.xsd"
    xmlns="http://www.loc.gov/MARC21/slim">

  <leader>00370nam a2200109Ia 4500</leader>
  <controlfield tag="008">220603s9999    xx            000 0 und d</controlfield>
  <datafield tag="100" ind1=" " ind2=" ">
    <subfield code="a">Bharti Vidyapeeth Deemed University</subfield>
    <subfield code="9">94099</subfield>
  </datafield>
  <datafield tag="245" ind1=" " ind2=" ">
    <subfield code="a">National conference on synergizing for excellence in nursing education</subfield>
    <subfield code="b">10th to 12th December 2015</subfield>
  </datafield>
  <datafield tag="260" ind1=" " ind2=" ">
    <subfield code="a">pune</subfield>
    <subfield code="b">Bharati Vidyapeeth</subfield>
    <subfield code="c">2015</subfield>
  </datafield>
  <datafield tag="300" ind1=" " ind2=" ">
    <subfield code="a">115p</subfield>
  </datafield>
  <datafield tag="365" ind1=" " ind2=" ">
    <subfield code="b">Rs.</subfield>
  </datafield>
  <datafield tag="999" ind1=" " ind2=" ">
    <subfield code="c">58453</subfield>
    <subfield code="d">58453</subfield>
  </datafield>
  <datafield tag="952" ind1=" " ind2=" ">
    <subfield code="0">0</subfield>
    <subfield code="1">0</subfield>
    <subfield code="4">0</subfield>
    <subfield code="7">0</subfield>
    <subfield code="a">BTIN</subfield>
    <subfield code="b">BTIN</subfield>
    <subfield code="d">2018-07-26</subfield>
    <subfield code="e">Dr Meena Ganapathy</subfield>
    <subfield code="l">0</subfield>
    <subfield code="p">BTIN-AR-59</subfield>
    <subfield code="r">2022-08-10 00:00:00</subfield>
    <subfield code="w">2022-08-10</subfield>
    <subfield code="y">RP</subfield>
    <subfield code="z">AR0059</subfield>
  </datafield>
</record>
